Strength of materials: (2nd ed.) (Record no. 76887)
[ view plain ]
| 000 -LEADER | |
|---|---|
| fixed length control field | 00750nam a2200181 a 4500 |
| 008 - FIXED-LENGTH DATA ELEMENTS--GENERAL INFORMATION | |
| fixed length control field | 120416s1973 ||||||||||||||||| || u |
| 050 ## - LIBRARY OF CONGRESS CALL NUMBER | |
| Classification number | TA 405 Feo |
| 100 ## - MAIN ENTRY--PERSONAL NAME | |
| Personal name | Feodosyev, Vsevolod Ivanovich |
| 245 10 - TITLE STATEMENT | |
| Title | Strength of materials: (2nd ed.) |
| Statement of responsibility, etc. | translated from the Russian by M. Konyaeva |
| 250 ## - EDITION STATEMENT | |
| Edition statement | 2nd ed. |
| 260 ## - PUBLICATION, DISTRIBUTION, ETC. | |
| Place of publication, distribution, etc. | Moscow: |
| Name of publisher, distributor, etc. | Mir |
| Date of publication, distribution, etc. | 1973 |
| 300 ## - PHYSICAL DESCRIPTION | |
| Extent | 608p. : ill |
| 350 ## - | |
| -- | 0.00 |
| 650 #0 - SUBJECT ADDED ENTRY--TOPICAL TERM | |
| Topical term or geographic name entry element | STRENGTH OF MATERIALS |
| 650 #0 - SUBJECT ADDED ENTRY--TOPICAL TERM | |
| Topical term or geographic name entry element | MATERIALS |
| 995 ## - | |
| -- | BINDERY (DAMAGED) |
| -- | 0.00 |
| -- | 716822 |
| -- | CBU-MAIN LIBRARY (Kitwe) |
| -- | 1 |
| -- | 2.00 |
| -- | TA 405 Feo |
| -- | 1 |
| -- | DAMAGED |
| -- | 014814 |
| -- | Main Library Open Access Collection |
| 995 ## - | |
| -- | BINDERY (DAMAGED) |
| -- | 0.00 |
| -- | 717240 |
| -- | CBU-MAIN LIBRARY (Kitwe) |
| -- | 2 |
| -- | 2.00 |
| -- | TA 405 Feo |
| -- | 2 |
| -- | DAMAGED |
| -- | 014815 |
| -- | Main Library Open Access Collection |
| 999 ## - | |
| -- | 76887 |
| -- | 76887 |
| Withdrawn status | Lost status | Source of classification or shelving scheme | Damaged status | Not for loan | Permanent Location | Current Location | Shelving location | Date acquired | Total Checkouts | Full call number | Barcode | Date last seen | Copy number | Price effective from | Koha item type |
|---|---|---|---|---|---|---|---|---|---|---|---|---|---|---|---|
| CBU-MAIN LIBRARY, KITWE. | CBU-MAIN LIBRARY, KITWE. | 04/25/2023 | TA 405 Feo | 014814 | 04/25/2023 | 1 | 04/25/2023 | MONOGRAPH | |||||||
| CBU-MAIN LIBRARY, KITWE. | CBU-MAIN LIBRARY, KITWE. | 04/25/2023 | TA 405 Feo | 014815 | 04/25/2023 | 2 | 04/25/2023 | MONOGRAPH |